000 00916nam0a22002651 4500
001 rc\4546863
005 20260406083048.0
021 _aRU
_b[64-78998]
035 _a(NLR Aleph) 008638718
090 _a8928565
_c8928565
100 _a20130416d1964 |||y0rusy50 ca
101 0 _arus
102 _aRU
105 _aa z |||||
200 1 _aГород и его общественный центр
210 _aМосква
_cСтройиздат
_d1964
215 _a191 с.
_cил.
_d27
606 _aГорода
_xОбщественные центры
_xПланировка и строительство
_2psbo
700 1 _4070
_7ca
_8rus
_aЛавров
_bВ. А.
_cд-р архитектуры
_f1902-1988
_gВиталий Алексеевич
_3RU\NLR\AUTH\770277794
_92649761
801 0 _aRU
_bNLR
_gpsbo
801 1 _aRU
_bELAR
_2rusmarc
852 _aNLR
_j64-7/2207
942 _cBOOK
980 _aNB